|
|
|
|
| LEADER |
01658nam a2200349 a 4500 |
| 001 |
45413 |
| 003 |
BD-DhAAL |
| 005 |
20260405161815.0 |
| 008 |
260405s20102009nyub 000 1 eng |
| 010 |
|
|
|a 2010293194
|
| 020 |
|
|
|a 9780307266767
|
| 020 |
|
|
|a 9780307386243
|
| 035 |
|
|
|a 16481813
|
| 040 |
|
|
|a DLC
|c DLC
|d BD-DhAAL
|
| 041 |
1 |
|
|a eng
|h tur
|
| 050 |
0 |
0 |
|a PL248.P34
|b M3713 2010
|
| 082 |
0 |
0 |
|a 894.3533
|2 22
|
| 100 |
1 |
|
|a Pamuk, Orhan,
|d 1952-
|9 57224
|
| 240 |
1 |
0 |
|a Masumiyet müzesi.
|l English
|
| 245 |
1 |
4 |
|a The museum of innocence /
|c Orhan Pamuk ; translated from the Turkish by Maureen Freely.
|
| 260 |
|
|
|a New York :
|b Alfred A. Knopf,
|c c2009 [Reprinted].
|g (2010)
|
| 300 |
|
|
|a xi, 535 pages :
|b ill., map ;
|c 21 cm
|
| 500 |
|
|
|a Originally published as: Masumiyet Müzesi. Istanbul : İletişim Yayınları, 2008.
Translated from the Turkish.
|
| 541 |
1 |
|
|a Donated by Farhana Zahir, Assistant Professor, BRAC Business School, BRAC University
|e 45413
|
| 650 |
|
0 |
|a Man-woman relationships
|v Fiction.
|
| 650 |
|
0 |
|a Collectors and collecting
|v Fiction.
|9 60414
|
| 651 |
|
|
|a Istanbul (Turkey)
|v Fiction.
|9 57228
|
| 700 |
1 |
|
|a Freely, Maureen,
|d 1952-
|9 60415
|
| 852 |
1 |
|
|a Ayesha Abed Library
|c General Stacks
|
| 942 |
|
|
|2 ddc
|c BK
|
| 999 |
|
|
|c 47765
|d 47765
|
| 952 |
|
|
|0 0
|1 0
|2 ddc
|4 0
|6 894_353300000000000_PAM
|7 0
|9 78900
|a BRACUL
|b BRACUL
|c NEW
|d 2026-04-05
|e Donated by Farhana Zahir, Assistant Professor, BRAC Business School, BRAC University
|l 1
|m 1
|o 894.3533 PAM
|p 3010045413
|q 2026-06-02
|r 2026-05-17
|s 2026-05-17
|t 1
|w 2026-04-05
|y BK
|x Donated copy received from Farhana Zahir, Assistant Professor, BRAC Business School, BRAC University on 17 February 2026; $15.00
|